000 00645nam a2200145 a 4500
001 000028750
005 20200930055121.0
008 110412s2006 dr ac r 000 0 spa d
040 _aDO-SdBNP
_bspa
_cBNPHU
082 _axxxx
_bR426i
110 1 _aRepública Dominicana
_bComisión Nacional de Ética y Combate a la Corrupción
_955749
245 1 0 _aInforme de rendición de cuentas Enero-Junio 2006 del segundo año de implementación del plan estratégico de ética, prevención y sanción a la corrupción.
260 _aSanto Domingo :
_bComisión Nacional de Ética y Combate a la Corrupción,
_c2006.
300 _a39 p. :
_bil., retr. ;
_c29 cm.
999 _c28242
_d28242